LEADER 02047nam 2200637 a 450 001 9910454287903321 005 20200520144314.0 010 $a1-282-15193-2 010 $a9786612151934 010 $a90-272-9125-X 035 $a(CKB)1000000000534983 035 $a(SSID)ssj0000130690 035 $a(PQKBManifestationID)11135567 035 $a(PQKBTitleCode)TC0000130690 035 $a(PQKBWorkID)10082946 035 $a(PQKB)10911706 035 $a(MiAaPQ)EBC622379 035 $a(Au-PeEL)EBL622379 035 $a(CaPaEBR)ebr10206167 035 $a(OCoLC)648331544 035 $a(EXLCZ)991000000000534983 100 $a20070823d2007 uy 0 101 0 $aeng 135 $aurcn||||||||| 181 $ctxt 182 $cc 183 $acr 200 00$aCoreference, modality, and focus$b[electronic resource] $estudies on the syntax-semantics interface /$fedited by Luis Eguren, Olga Ferna?ndez Soriano 210 $aAmsterdam ;$aPhiladelphia $cJ. Benjamins Pub. Co.$dc2007 215 $axii, 239 p. $cill 225 1 $aLinguistik aktuell =$aLinguistics today,$x0166-0829 ;$vv. 111 300 $aBibliographic Level Mode of Issuance: Monograph 311 $a90-272-3375-6 320 $aIncludes bibliographical references and index. 410 0$aLinguistik aktuell ;$vBd. 111. 606 $aGrammar, Comparative and general$xSyntax 606 $aSemantics 606 $aReference (Linguistics) 606 $aModality (Linguistics) 606 $aFocus (Linguistics) 608 $aElectronic books. 615 0$aGrammar, Comparative and general$xSyntax. 615 0$aSemantics. 615 0$aReference (Linguistics) 615 0$aModality (Linguistics) 615 0$aFocus (Linguistics) 676 $a415 701 $aEguren$b Luis$0591844 701 $aFerna?ndez Soriano$b Olga$0591845 801 0$bMiAaPQ 801 1$bMiAaPQ 801 2$bMiAaPQ 906 $aBOOK 912 $a9910454287903321 996 $aCoreference, modality, and focus$92010857 997 $aUNINA LEADER 00802cam a2200217 i 4500 001 991004364936607536 005 20250204141807.0 008 030923s2003----it er 001 0 ita d 020 $a8888546766 040 $aBibl. Dip.le Aggr. Scienze Giuridiche - Sez. Studi Giuridici$bita$cSocioculturale Scs 082 04$a324.245072092$222 100 1 $aDegl'Innocenti, Maurizio$0136738 245 10$aGaetano Pieraccini :$bsocialismo, medicina sociale e previdenza obbligatoria /$cMaurizio Degl'Innocenti 260 $aManduria [etc.] :$bP. Lacaita,$c2003 300 $a103 p. :$bill. ;$c22 cm 490 1 $aStrumenti e fonti ;$v24 650 4$aMedicina sociale$xItalia$x1900-1920 830 0$aStrumenti e fonti ;$v24 912 $a991004364936607536 996 $aGaetano Pieraccini$93606208 997 $aUNISALENTO